Southville International School and Colleges
Your cart is empty.
  • Cart
  • Lists
    Public lists Eva Luna New books Lux_list list_1
    Your lists Log in to create your own lists
  • Log in to your account
  • Your cookies
  • Search history
Southville International School and Colleges
  • Advanced search
  • Recent comments
  • Most popular
  • Libraries

Log in to your account

Log in with GOOGLE


If you do not have an external account, but do have a local account, you can still log in:

  1. Home
  2. MARC view: A surprise party /
Normal view MARC view ISBD view

A surprise party / (Record no. 290341)

[ view plain ]
MARC details
000 -LEADER
fixed length control field 00770nam a2200229Ia 4500
008 - FIXED-LENGTH DATA ELEMENTS--GENERAL INFORMATION
fixed length control field 160114s9999 xx 000 0 und d
020 ## - INTERNATIONAL STANDARD BOOK NUMBER
International Standard Book Number 0-689854838
050 ## - LIBRARY OF CONGRESS CALL NUMBER
Classification number Fic
050 ## - LIBRARY OF CONGRESS CALL NUMBER
Item number .Si587d 2003
100 ## - MAIN ENTRY--PERSONAL NAME
Personal name Silverhardt, Lauryn.
245 #2 - TITLE STATEMENT
Title A surprise party /
Statement of responsibility, etc Lauryn Silverhardt.
260 ## - PUBLICATION, DISTRIBUTION, ETC. (IMPRINT)
Place of publication, distribution, etc New York :
Name of publisher, distributor, etc Simon Spotlight.
Date of publication, distribution, etc 2003
300 ## - PHYSICAL DESCRIPTION
Other physical details color illustrations :
Dimensions 14 cm.
440 ## - SERIES STATEMENT/ADDED ENTRY--TITLE
Title Dora the Explorer.
500 ## - GENERAL NOTE
General note "Based on the TV series Dora the explorer as seen on Nick Jr."--Page 4 of cover.
650 ## - SUBJECT ADDED ENTRY--TOPICAL TERM
Topical term or geographic name as entry element Dora the Explorer (Fictitious character) --
650 ## - SUBJECT ADDED ENTRY--TOPICAL TERM
Topical term or geographic name as entry element Dora the explorer (Television program) --
650 ## - SUBJECT ADDED ENTRY--TOPICAL TERM
Topical term or geographic name as entry element Surprise birthday parties --
650 ## - SUBJECT ADDED ENTRY--TOPICAL TERM
General subdivision Fiction.
650 ## - SUBJECT ADDED ENTRY--TOPICAL TERM
General subdivision Juvenile fiction.
650 ## - SUBJECT ADDED ENTRY--TOPICAL TERM
General subdivision Juvenile fiction.
Holdings
Withdrawn status Lost status Damaged status Home library Current library Shelving location Date acquired Total Checkouts Full call number Date last seen Price effective from Koha item type
      Stonyhurst Southville International School (Batangas) Stonyhurst Southville International School (Batangas) Grade School Section 01/14/2016   Fic .Si587d 2003 01/14/2016 01/14/2016 Books

A surprise party /

APA

Silverhardt L., . (2003). A surprise party. New York: Simon Spotlight.

Chicago

Silverhardt Lauryn, . 2003. A surprise party. New York: Simon Spotlight.

Harvard

Silverhardt L., . (2003). A surprise party. New York: Simon Spotlight.

MLA

Silverhardt Lauryn, . A surprise party. New York: Simon Spotlight. 2003.

  • Place hold
  • Print
  • Cite
  • Add to your cart (remove)
  • Save record
    BIBTEX Dublin Core MARCXML MARC (non-Unicode/MARC-8) MARC (Unicode/UTF-8) MARC (Unicode/UTF-8, Standard) MODS (XML) RIS
  • More searches
    Search for this title in:
    Other Libraries (WorldCat) Other Databases (Google Scholar) Online Stores (Bookfinder.com) Open Library (openlibrary.org)

Exporting to Dublin Core...

SOUTHVILLE LIBRARY

Southville International School and Colleges Library

1281 Tropical Ave. Cor. Luxembourg St., BF Homes International, Las Pinas City

Tel. No. 8256374 / 252358 Loc. 117/146

Powered by Koha